000 00465cam a22001814a 4500
005 20250605164114.0
008 250528s ||||||||||||||||||||||||d
035 _a18024
040 _aGR-AtMCL
_bgre
_dGR-AtMCL
_eAACR2
245 1 _aΑΝΑΤΡΟΦΗ ΚΑΙ ΕΚΠΑΙΔΕΥΣΗ ΤΩΝ ΠΑΙΔΙΩΝ
250 _a1
300 _a247
700 1 _aRussell Bertrand
_94331
942 _cBK
260 _bΑρσενιδης
999 _c3416
_d3416